Statistiques concernant Reliez l'acteur français au film #2

Cliquez ici pour prendre le quiz!

Statistiques générales

  • Ce quiz a été pris 720 fois
    (517 depuis la dernière actualisation)
  • Le résultat moyen est 8 sur 15

Statistiques - réponses

HintRéponse% Correct
La Tour Montparnasse infernaleEric Judor
89%
Les ChoristesGérard Jugnot
89%
Les VisiteursChristian Clavier
87%
Bienvenue chez les Ch'tisDany Boon
87%
IntouchablesFrançois Cluzet
74%
BAC NordGilles Lellouche
71%
Un Indien dans la villeThierry Lhermitte
57%
L'Auberge EspagnoleRomain Duris
49%
La Traversée de ParisJean Gabin
42%
Manon des sourcesDaniel Auteuil
36%
A bout de souffleJean-Paul Belmondo
35%
Un éléphant ça trompe énormémentJean Rochefort
34%
Les Femmes du 6ème étageFabrice Luchini
31%
TitaneVincent Lindon
31%
En liberté !Pio Marmaï
21%

Distribution des résultats

Percentile par nombre de réponses

% des personnes avec chaque résultat

Votre développement - résultats

Vous n’avez pas pris ce quiz depuis la dernière actualisation